000 00827nam a2200229Ia 4500
999 _c47178
_d47178
001 14036
003 GE_BSU
005 20241023105415.0
008 181216s2008||||ge |||||||||||||| ||geo||
020 _a9789941403859
040 _cGE_BSU
041 _ageo
080 _a821.353.1-31 ტ-92
100 _aტურაშვილი, დათო
_91369
245 _aჯინსების თაობა :
_bკინორომანი /
_cდათო ტურაშვილი ;
250 _aგამოცემა 1-ლი
264 _aთბილისი :
_bშპს ბაკურ სულაკაურის გამ-ბა,
_c2008.
300 _a158 გვ. ;
_c20 სმ.
653 _aჯინსების თაობა
653 _aკინორომანი
942 _cBK
_2udc